Sesame Street Characters Quiz Stats

Quiz Updated Mar 31, 2016

Challenge
Share
Tweet
Score 0/12 Timer 02:00
5 Plays Today
% Correct
Big Bird
98.8%
Cookie Monster
97.7%
Elmo
97.6%
Ernie
97%
Bert
96.9%
Count von Count
95.1%
Oscar the Grouch
91.8%
Grover
80.7%
Telly
36.7%
Zoe
36.5%
Prairie Dawn
20.9%
Rosita
17.7%

You're not logged in!

Compare scores with friends on all Sporcle quizzes.
Sign Up with Email
OR
Log In

You Might Also Like...

Show Comments

Extras

Top Quizzes Today


Score Distribution

Your Account Isn't Verified!

In order to create a playlist on Sporcle, you need to verify the email address you used during registration. Go to your Sporcle Settings to finish the process.